[Event "Montigny Autumn-B 17th"]
[Site "Montigny le Bretonneux"]
[Date "2018.10.26"]
[Round "7"]
[White "Gazay, Didier"]
[Black "Sagon, Lancelot"]
[Result "1/2-1/2"]
[WhiteElo "1657"]
[BlackElo "1673"]
[PlyCount "91"]
[EventDate "2018.10.20"]
[EventType "tourn"]
[EventRounds "9"]
[EventCountry "FRA"]
[SourceTitle "EXT 2020"]
[Source "ChessBase"]
[SourceDate "2019.10.17"]
[SourceVersion "1"]
[SourceVersionDate "2019.10.17"]
[SourceQuality "1"]

1. c4 e5 2. g3 Nf6 3. Bg2 d6 4. d3 g6 5. Nc3 Bg7 6. e4 Nc6 7. Nge2 Be6 8. 0-0 0-0 9. h3 Qc8 10. Kh2 Ne7 11. Be3 c6 12. Rc1 Qd7 13. c5 d5 14. d4 exd4 15. Nxd4 dxe4 16. Qa4 Nfd5 17. Nxe6 Qxe6 18. Qxe4 Qxe4 19. Bxe4 Rad8 20. Bxd5 Nxd5 21. Nxd5 cxd5 22. b4 d4 23. Bf4 Rfe8 24. b5 d3 25. Rfd1 Re2 26. Be3 Rb2 27. a4 Rb3 28. Rc4 h6 29. h4 Kf8 30. Kg2 f5 31. b6 axb6 32. cxb6 Rd7 33. Rc8+ Kf7 34. a5 Rc3 35. Ra8 Ke6 36. Ra7 Kd6 37. Bf4+ Kc6 38. Ra8 Kd5 39. a6 bxa6 40. Rxa6 Rb7 41. Bc7 Bd4 42. Ra5+ Kc6 43. Ra8 Bxb6 44. Bxb6 Kxb6 45. Rd8 Kc6 46. R8xd3 1/2-1/2

[Event "Montigny le Bretonneux op 22nd"]
[Site "Montigny le Bretonneux"]
[Date "2018.05.12"]
[Round "5"]
[White "Duval, Dominique"]
[Black "Sagon, Lancelot"]
[Result "1-0"]
[WhiteElo "1704"]
[BlackElo "1479"]
[PlyCount "73"]
[EventDate "2018.05.10"]
[EventType "swiss"]
[EventRounds "9"]
[EventCountry "FRA"]
[SourceTitle "CBM 184 Extra"]
[Source "ChessBase"]
[SourceDate "2018.06.28"]
[SourceVersion "1"]
[SourceVersionDate "2018.06.28"]
[SourceQuality "1"]

1. d4 d5 2. Nf3 Nf6 3. Bf4 e6 4. e3 c5 5. c3 Nc6 6. Bd3 Bd6 7. Bg3 0-0 8. Nbd2 b6 9. Ne5 Bb7 10. f4 Qe7 11. 0-0 cxd4 12. exd4 Rac8 13. Qe2 Rc7 14. Bh4 Rfc8 15. Bxf6 Qxf6 16. Rf3 Ne7 17. Raf1 g6 18. Rh3 Bc6 19. Ndf3 Qg7 20. Ng5 Nf5 21. Rxh7 Qxh7 22. Nxh7 Kxh7 23. g4 Ne7 24. Rf3 Kg7 25. Rh3 f6 26. Nxc6 Rxc6 27. Qxe6 Ng8 28. Qxd5 Ne7 29. Qe4 f5 30. gxf5 Nxf5 31. Qf3 Ne7 32. Rg3 Bb8 33. Qe4 a5 34. Qxe7+ Kg8 35. Rxg6+ Rxg6+ 36. Bxg6 Rc7 37. Qe8+ 1-0

[Event "Montigny le Bretonneux op 21st"]
[Site "Montigny le Bretonneux"]
[Date "2017.05.27"]
[Round "5"]
[White "Artieres, Michel"]
[Black "Sagon, Lancelot"]
[Result "1-0"]
[WhiteElo "1753"]
[BlackElo "1449"]
[PlyCount "121"]
[EventDate "2017.05.25"]
[EventType "swiss"]
[EventRounds "9"]
[EventCountry "FRA"]
[SourceTitle "EXT 2020"]
[Source "ChessBase"]
[SourceDate "2019.10.17"]
[SourceVersion "1"]
[SourceVersionDate "2019.10.17"]
[SourceQuality "1"]

1. e4 e5 2. Nf3 Nc6 3. Bb5 d6 4. d4 exd4 5. Nxd4 Nge7 6. 0-0 g6 7. Bg5 Bd7 8. Bf6 Rg8 9. Nxc6 bxc6 10. Bc4 Bg7 11. Qf3 Be6 12. Bxe6 fxe6 13. Bxg7 Rxg7 14. Qf6 Rf7 15. Qxe6 Qd7 16. Qb3 c5 17. Nd2 Nc6 18. c3 Rb8 19. Qc2 Qg4 20. Nc4 Kd7 21. Rad1 h5 22. e5 Qxc4 23. Qxg6 Nxe5 24. Qxh5 Rxb2 25. Qxe5 Rxa2 26. Rfe1 Kc6 27. Qe8+ Kb6 28. Rb1+ Ka5 29. Re4 Qd3 30. Ree1 Rfxf2 31. Qc6 Rxg2+ 32. Qxg2 Rxg2+ 33. Kxg2 Qxc3 34. Rec1 Qd2+ 35. Kg3 Qd3+ 36. Kg4 c4 37. h4 c3 38. h5 c2 39. Ra1+ Kb4 40. Rh1 Kb3 41. Rh3 Qxh3+ 42. Kxh3 Kb2 43. Rh1 c1Q 44. Rxc1 Kxc1 45. h6 c5 46. h7 c4 47. h8Q Kc2 48. Qd4 c3 49. Qxd6 Kb2 50. Qb4+ Kc2 51. Kg3 Kd2 52. Qd4+ Kc2 53. Kf3 a5 54. Ke2 Kb2 55. Kd1 Kb3 56. Qd3 a4 57. Kc1 a3 58. Qc2+ Kb4 59. Kb1 Kc4 60. Ka2 Kb4 61. Qb3+ 1-0

[Event "Montigny le Bretonneux 1hKO 20th"]
[Site "Montigny le Bretonneux"]
[Date "2016.05.08"]
[Round "7.8"]
[White "Duval, Dominique"]
[Black "Sagon, Lancelot"]
[Result "0-1"]
[WhiteElo "1692"]
[BlackElo "1488"]
[PlyCount "96"]
[EventDate "2016.05.05"]
[EventType "swiss"]
[EventRounds "7"]
[EventCountry "FRA"]
[SourceTitle "EXT 2024"]
[Source "ChessBase"]
[SourceDate "2023.10.10"]
[SourceVersion "1"]
[SourceVersionDate "2023.10.10"]
[SourceQuality "1"]

1. d4 d5 2. Nf3 Nf6 3. e3 Bf5 4. c4 e6 5. Qb3 b6 6. cxd5 exd5 7. Ne5 Bd6 8. Bb5+ Nbd7 9. Nc6 Qc8 10. Nc3 0-0 11. Nxd5 Nxd5 12. Qxd5 Be6 13. Qf3 a6 14. Bd3 Nf6 15. e4 Qe8 16. Ne5 Qa4 17. 0-0 Qxd4 18. Nc6 Qc5 19. e5 Bxe5 20. Nxe5 Qxe5 21. Bf4 Qd5 22. Qe2 Rfe8 23. Qc2 Rad8 24. Rfd1 Qh5 25. Be2 Bg4 26. Rxd8 Rxd8 27. Qxc7 Rc8 28. Bxg4 Qxg4 29. Qb7 Rd8 30. g3 Nd5 31. Bc7 Qd7 32. Rd1 g6 33. Rxd5 Qxd5 34. Qxb6 Re8 35. Qb4 Qxa2 36. Bf4 Qe6 37. Qc3 Qe1+ 38. Kg2 Qxc3 39. bxc3 a5 40. c4 Rc8 41. Bd2 a4 42. c5 Rxc5 43. h4 Rd5 44. Bb4 Rd3 45. Kf1 a3 46. Ke2 Rb3 47. Bc5 a2 48. Bd4 Rb4 0-1

[Event "Montigny le Bretonneux 1hKO 20th"]
[Site "Montigny le Bretonneux"]
[Date "2016.05.05"]
[Round "1.4"]
[White "Sagon, Lancelot"]
[Black "Petat, Yannick"]
[Result "1/2-1/2"]
[WhiteElo "1488"]
[BlackElo "1949"]
[PlyCount "104"]
[EventDate "2016.05.05"]
[EventType "swiss"]
[EventRounds "7"]
[EventCountry "FRA"]
[SourceTitle "EXT 2024"]
[Source "ChessBase"]
[SourceDate "2023.10.10"]
[SourceVersion "1"]
[SourceVersionDate "2023.10.10"]
[SourceQuality "1"]

1. e4 e6 2. d4 d5 3. exd5 exd5 4. Bd3 Nf6 5. Nf3 Bd6 6. c3 0-0 7. Bg5 Re8+ 8. Be2 Bf5 9. 0-0 Nbd7 10. Nh4 Bg6 11. Nxg6 hxg6 12. Nd2 c6 13. Nf3 Qc7 14. Bd3 Ng4 15. g3 Nf8 16. Re1 f6 17. Bd2 f5 18. Rxe8 Rxe8 19. Qc1 Ne6 20. Bf1 Kf7 21. Ng5+ Nxg5 22. Bxg5 Rh8 23. h4 Bxg3 24. fxg3 Qxg3+ 25. Bg2 Re8 26. Qf4 Re1+ 27. Rxe1 Qxe1+ 28. Qf1 Qg3 29. Qf4 Qe1+ 30. Bf1 Qb1 31. Qd2 Qe4 32. Qe2 Qb1 33. a3 Kg8 34. Qd2 Qe4 35. Be2 Qb1+ 36. Qc1 Qe4 37. Bxg4 Qxg4+ 38. Kf2 Qe4 39. Qd2 a6 40. Qe2 Qb1 41. Qe8+ Kh7 42. Qe2 Qh1 43. Ke3 Qe4+ 44. Kd2 Qb1 45. Ke3 Qe4+ 46. Kf2 Qh1 47. Qd2 Qe4 48. b4 Qh1 49. a4 Qa1 50. a5 Qh1 51. Qe1 Qh2+ 52. Ke3 Qc2 1/2-1/2

[Event "Montigny le Bretonneux op 17th"]
[Site "Montigny le Bretonneux"]
[Date "2013.05.20"]
[Round "8"]
[White "Sagon, Lancelot"]
[Black "De Romance, Flavien"]
[Result "1/2-1/2"]
[WhiteElo "1310"]
[BlackElo "1310"]
[PlyCount "75"]
[EventDate "2013.05.18"]
[EventType "swiss"]
[EventRounds "9"]
[EventCountry "FRA"]
[SourceTitle "EXT 2014"]
[Source "ChessBase"]
[SourceDate "2013.11.20"]
[SourceVersion "1"]
[SourceVersionDate "2013.11.20"]
[SourceQuality "1"]

1. e4 e5 2. Nf3 Nc6 3. Nc3 Nf6 4. Bc4 Bc5 5. 0-0 d6 6. d3 0-0 7. Re1 Bg4 8. Bg5 a6 9. a3 b5 10. Bb3 Nd4 11. Nd5 c6 12. Nxf6+ gxf6 13. Be3 Nxf3+ 14. gxf3 Bh3 15. d4 Ba7 16. f4 a5 17. Qh5 Qd7 18. f5 exd4 19. Bh6 Rfe8 20. Qxh3 Kh8 21. Rad1 d5 22. Qf3 a4 23. Bxd5 cxd5 24. exd5 Rg8+ 25. Kh1 Rad8 26. Rg1 Bb8 27. Rxd4 Qd6 28. Bf4 Qd7 29. Bxb8 Rxb8 30. Rdd1 b4 31. Rxg8+ Rxg8 32. axb4 Qb7 33. c3 Qd7 34. Qe4 Rg5 35. d6 Rxf5 36. f3 Re5 37. Qf4 Re6 38. c4 1/2-1/2